<?xml version="1.0" encoding="UTF-8"?>
<record
    xmlns:xsi="http://www.w3.org/2001/XMLSchema-instance"
    xsi:schemaLocation="http://www.loc.gov/MARC21/slim http://www.loc.gov/standards/marcxml/schema/MARC21slim.xsd"
    xmlns="http://www.loc.gov/MARC21/slim">

  <leader>03005nam a2200229Ia 4500</leader>
  <controlfield tag="008">120625s1990    mx            001 0 spa d</controlfield>
  <datafield tag="020" ind1=" " ind2=" ">
    <subfield code="a">9682437016</subfield>
  </datafield>
  <datafield tag="050" ind1=" " ind2="4">
    <subfield code="a">HB75 </subfield>
    <subfield code="b">S15 1990</subfield>
  </datafield>
  <datafield tag="100" ind1="1" ind2=" ">
    <subfield code="a">Scheifler Amezaga, Xavier</subfield>
    <subfield code="e">autor</subfield>
    <subfield code="9">18584</subfield>
  </datafield>
  <datafield tag="245" ind1="1" ind2="0">
    <subfield code="a">Historia del pensamiento econ&#xF3;mico</subfield>
    <subfield code="c"> / Xavier Scheifler Amazage.</subfield>
  </datafield>
  <datafield tag="250" ind1=" " ind2=" ">
    <subfield code="a">5a. ed.</subfield>
  </datafield>
  <datafield tag="260" ind1="3" ind2=" ">
    <subfield code="a">M&#xE9;xico </subfield>
    <subfield code="b">: Trillas</subfield>
    <subfield code="c">, 1990.</subfield>
  </datafield>
  <datafield tag="300" ind1=" " ind2=" ">
    <subfield code="a">xxiv, 382 p&#xE1;ginas.</subfield>
  </datafield>
  <datafield tag="336" ind1=" " ind2=" ">
    <subfield code="a">Texto</subfield>
  </datafield>
  <datafield tag="337" ind1=" " ind2=" ">
    <subfield code="a">Sin medio</subfield>
  </datafield>
  <datafield tag="338" ind1=" " ind2=" ">
    <subfield code="a">Volumen</subfield>
  </datafield>
  <datafield tag="500" ind1=" " ind2=" ">
    <subfield code="a">Incluye &#xED;ndice onom&#xE1;stico (pp. 373-374)
Incluye &#xED;ndice anal&#xED;tico (pp. 375-382)</subfield>
  </datafield>
  <datafield tag="504" ind1=" " ind2=" ">
    <subfield code="a">Incluye bibliograf&#xED;a al final de cada cap&#xED;tulo
Incluye bibliograf&#xED;a general (pp. 369-371)

</subfield>
  </datafield>
  <datafield tag="505" ind1="1" ind2=" ">
    <subfield code="a">Primera parte: La econom&#xED;a subordinada (desde los or&#xED;genes hasta el liberalismo)
-Plat&#xF3;n (427-347 A.C.)
Cuadro socioecon&#xF3;mico
La rep&#xFA;blica (comunismo aristocr&#xE1;tico e idealista)
Las leyes (r&#xE9;gimen de propiedad privada en una econom&#xED;a de gran intervenci&#xF3;n estatal)
- Arist&#xF3;teles (384-322 A.C.)
Cr&#xED;ticas de Arist&#xF3;teles al comunismo de Plat&#xF3;n
Econom&#xED;a natural y cremat&#xED;stica
Teor&#xED;a del valor
Teor&#xED;a monetaria
-La edad media
Introducci&#xF3;n
Fuentes del pensamiento medieval
Teor&#xED;a de la propiedad
Teor&#xED;a de la remuneraci&#xF3;n
Teor&#xED;a del inter&#xE9;s
Teor&#xED;a monetaria
- Los utopistas del renacimiento
Introducci&#xF3;n
Circunstancias de la "Utop&#xED;a" de Moro
An&#xE1;lisis delprimer libro de la "Utop&#xED;a"
An&#xE1;lisis del segundo libro de la "Utop&#xED;a"
El sentido de "Utop&#xED;a"
"La ciudad del sol"
-El mercantilismo
Introducci&#xF3;n
Cuadro hist&#xF3;rico
Esquema general del mercantilismo
Mercantilismo bullonista
Teor&#xED;a de la moneda y el inter&#xE9;s
Teor&#xED;as de la balanza comercial y de pagos
Teor&#xED;as macroecon&#xF3;micas

Segunda parte: La econom&#xED;a liberada (el liberalismo)
- Richard Cantillon: un pionero de la "ciencia econ&#xF3;mica"
Introducci&#xF3;n
Circunstancias socioecon&#xF3;micas de su &#xE9;poca
Anal&#xED;sis econ&#xF3;mico
- La fisiocracia
Introducci&#xF3;n
Primicia de la agricultura o teor&#xED;a del producto neto
Teor&#xED;a de la circulaci&#xF3;n: "El cuadro econ&#xF3;mico"
El orden natural o liberalismo econ&#xF3;mico
- El liberalismo econ&#xF3;mico
Introducci&#xF3;n
El problema econ&#xF3;mico y sus soluciones
Estructuras necesarias para el sistema de mercado libre
Funcionamiento del sistema de mercado libre
Reflexiones sobre el liberalismo econ&#xF3;mico
-Adam Smith (1723-1790)
Teor&#xED;a del valor
Teor&#xED;a de la distribuci&#xF3;n
- Thomas Robert Malthus (1766-1836)
Introducci&#xF3;n
Exposici&#xF3;n de la doctrina de Malthus
Reflexiones sobre la doctrina de Malthus
- David Ricardo (1772-1823)
Introducci&#xF3;n
Teor&#xED;a del valor
Teor&#xED;a de la distribuci&#xF3;n
Teor&#xED;a del comerco internacional
Teor&#xED;a bancaria
- La escuela cl&#xE1;sica en Francia
Introducci&#xF3;n
Juan Bautista Say (1767-1852)
Federico Bastiat ( (1801-1850)
-John Stuart Mill (1806-1873)
Introducci&#xF3;n
Breve esquema de las teor&#xED;as econ&#xF3;micas
Intervencionismo estatal
- Capitalismo liberal
Introducci&#xF3;n
Descripci&#xF3;n del capitalismo liberal
</subfield>
  </datafield>
  <datafield tag="650" ind1="1" ind2="4">
    <subfield code="a">ECONOM&#xCD;A</subfield>
    <subfield code="x">HISTORIA</subfield>
    <subfield code="9">18591</subfield>
  </datafield>
  <datafield tag="942" ind1=" " ind2=" ">
    <subfield code="c">LB</subfield>
  </datafield>
  <datafield tag="952" ind1=" " ind2=" ">
    <subfield code="0">0</subfield>
    <subfield code="1">0</subfield>
    <subfield code="4">0</subfield>
    <subfield code="7">0</subfield>
    <subfield code="a">04</subfield>
    <subfield code="b">04</subfield>
    <subfield code="d">2007-03-26</subfield>
    <subfield code="l">0</subfield>
    <subfield code="o">HB75 S15 1990</subfield>
    <subfield code="p">04 000286</subfield>
    <subfield code="r">2013-10-27</subfield>
    <subfield code="t">1</subfield>
    <subfield code="w">2012-06-24</subfield>
    <subfield code="y">LB</subfield>
  </datafield>
  <datafield tag="952" ind1=" " ind2=" ">
    <subfield code="0">0</subfield>
    <subfield code="1">0</subfield>
    <subfield code="4">0</subfield>
    <subfield code="7">0</subfield>
    <subfield code="a">04</subfield>
    <subfield code="b">04</subfield>
    <subfield code="d">2008-04-25</subfield>
    <subfield code="l">0</subfield>
    <subfield code="o">HB75 S15 1990</subfield>
    <subfield code="p">04 000287</subfield>
    <subfield code="r">2013-05-22</subfield>
    <subfield code="t">2</subfield>
    <subfield code="w">2012-06-24</subfield>
    <subfield code="y">LB</subfield>
  </datafield>
  <datafield tag="952" ind1=" " ind2=" ">
    <subfield code="0">0</subfield>
    <subfield code="1">0</subfield>
    <subfield code="4">0</subfield>
    <subfield code="7">0</subfield>
    <subfield code="a">04</subfield>
    <subfield code="b">04</subfield>
    <subfield code="d">2008-04-25</subfield>
    <subfield code="l">0</subfield>
    <subfield code="o">HB75 S15 1990</subfield>
    <subfield code="p">04 000288</subfield>
    <subfield code="r">2025-10-02</subfield>
    <subfield code="t">3</subfield>
    <subfield code="w">2012-06-24</subfield>
    <subfield code="y">LB</subfield>
  </datafield>
  <datafield tag="999" ind1=" " ind2=" ">
    <subfield code="c">61632</subfield>
    <subfield code="d">61632</subfield>
  </datafield>
</record>
